ბათუმის შოთა რუსთაველის სახელმწიფო უნივერსიტეტის ბიბლიოთეკა

მასების ფსიქოლოგია = Psychologie des foules / (ბიბ.ჩანაწერი № 63047)

000 -ლიდერი
ფიქსირებული სიგრძის საკონტროლო ველი 01285nam a22002417a 4500
003 - საკონტროლო ნომრის იდენტიფიკატორი
საკონტროლო ველი Ge_BSU
005 - ბოლო ოპერაციის თარიღი და დრო
საკონტროლო ველი 20250523113537.0
008 - ფიქსირებული სიგრძის მონაცემთა ელემენტები - ზოგადი ინფორმაცია
ფიქსირებული სიგრძის საკონტროლო ველი 250523s2024 ge ||||| |||| 00| 0 geo d
020 ## - წიგნის საერთაშორისო სტანდარტული ნომერი
International Standard Book Number 9789941871375
041 ## - ენის კოდი
Language code of text/sound track or separate title geo
080 ## - უნივერსალური ათობითი კლასიფიკაციის ინდექსი
Universal Decimal Classification number 316.454.3 ლ-34
100 ## - მთავარი ჩანაწერი - პიროვნების სახელი
Personal name ლე ბონი, გუსტავ
9 (RLIN) 16486
245 ## - ცნობა სათაურის შესახებ
Title მასების ფსიქოლოგია = Psychologie des foules /
Statement of responsibility, etc გუსტავ ლე ბონი; მთარგმნელი ვახტანგ გორგიშელი; რედაქტორი დიმიტრი უჩანეიშვილი.
264 ## - წარმოების, გამოცემის, დისტრიბუციის და სხვა ცნობები
გამოცემის, წარმოების, დისტრიბუციის... ადგილი თბილისი :
გამოცემის, წარმოების, დისტრიბუციის... სახელწოდება აქტი,
გამოცემის, წარმოების, დისტრიბუციის... თარიღი 2024.
300 ## - ფიზიკური აღწერა
Extent 224 გვ. ;
Other physical details 19 სმ.
504 ## - BIBLIOGRAPHY, ETC. NOTE
Bibliography, etc ბიბლიოგრაფია ტექსტის შენიშვნებში.
653 ## - INDEX TERM--UNCONTROLLED
Uncontrolled term მასების ქცევა
653 ## - INDEX TERM--UNCONTROLLED
Uncontrolled term მასების ფსიქოლოგია
700 ## - ADDED ENTRY--PERSONAL NAME
Personal name გორგიშელი, ვახტანგ
Relator term მთარგმნელი
9 (RLIN) 13944
700 ## - ADDED ENTRY--PERSONAL NAME
Personal name უჩანეიშვილი, დიმიტრი
Relator term რედაქტორი
9 (RLIN) 13895
700 ## - ADDED ENTRY--PERSONAL NAME
Personal name ცაცუა, გიზო
Relator term გამომცემელი
9 (RLIN) 13970
942 ## - ADDED ENTRY ELEMENTS (KOHA)
Source of classification or shelving scheme
Koha item type წიგნი
ეგზემპლარები
ჩამოწერის სტატუსი დაკარგული ეგზემპლარის სტატუსი კლასიფიკაციის წყარო ან თაროზე გაწყობის სქემა დაზიანების სტატუსი არ გაიცემა მუდმივი მდებარეობა (დაცვის ადგილი) ამჟამინდელი ადგილსამყოფელი თაროზე განთავსების ადგილი შეძენის თარიღი ღირებულება, შესყიდვის ნორმალური ფასი სრული შენახვის შიფრი შტრიხკოდი ბოლო ოპერაციის თარიღი ეგზემპლარის მიმდევრობითი ნომერი (კეტერი?) ფასის ძალაში შესვლის თარიღი ეგზემპლარის სახეობა საჯარო შენიშვნა
          ბათუმის შოთა რუსთაველის სახელმწიფო უნივერსიტეტის მთავარი ბიბლიოთეკა ბათუმის შოთა რუსთაველის სახელმწიფო უნივერსიტეტის მთავარი ბიბლიოთეკა წიგნსაცავი 2025-05-23 25.80 316.454.3 ლ-34 71534 2025-05-23 71534 2025-05-23 წიგნი 25 ლ. 80 თ.
          ბათუმის შოთა რუსთაველის სახელმწიფო უნივერსიტეტის მთავარი ბიბლიოთეკა ბათუმის შოთა რუსთაველის სახელმწიფო უნივერსიტეტის მთავარი ბიბლიოთეკა წიგნსაცავი 2025-05-23 25.80 316.454.3 ლ-34 71535 2025-05-23 71535 2025-05-23 წიგნი 25 ლ. 80 თ.